Primer certamen literari celebrat en S. Marti de Provensals en lo dia 11 de novembre de 1880 / (Record no. 43109)

MARC details
000 -LEADER
campo de control de longitud fija 00470nam a2200133 i 4500
001 - NÚMERO DE CONTROL
campo de control 43109
003 - IDENTIFICADOR DE NÚMERO DE CONTROL
campo de control ES-MaACL
007 - CAMPO FIJO DE DESCRIPCIÓN FÍSICA--INFORMACIÓN GENERAL
campo de control de longitud fija t|
008 - DATOS DE LONGITUD FIJA--INFORMACIÓN GENERAL
campo de control de longitud fija 030314s1880 sp ||||1| cat d
110 2# - ENTRADA PRINCIPAL--NOMBRE DE ENTIDAD CORPORATIVA
Nombre de entidad corporativa o nombre de jurisdicción como elemento de entrada Centre Catalanista Provensalench.
9 (RLIN) 2539
245 10 - MENCIÓN DEL TÍTULO
Título Primer certamen literari celebrat en S. Marti de Provensals en lo dia 11 de novembre de 1880 /
Mención de responsabilidad, etc. Centre Catalanista Provensalench.
260 ## - PUBLICACIÓN, DISTRIBUCIÓN, ETC.
Lugar de publicación, distribución, etc. Barcelona :
Nombre del editor, distribuidor, etc. [s.n.],
Fecha de publicación, distribución, etc. 1881 (
Fabricante Tip. La Renaixensa)
852 ## - LOCALIZACIÓN
Ubicación ES-MaACL
Número de control de estantería T-364-F-17
Holdings
Estatus retirado Estado de pérdida Estado de daño No para préstamo Colección Biblioteca de origen Biblioteca actual Ubicación en estantería Fecha de adquisición Fuente de adquisición Total de préstamos Signatura topográfica completa Código de barras Visto por última vez Precio de reemplazo Tipo de ítem Koha
        Colección de folletos Biblioteca del Ateneo de Madrid Biblioteca del Ateneo de Madrid Depósito folletos 17/01/2008     T-364-F-17 1045377 23/02/2023 23/02/2023 Folleto